UM Logo

Environmental science : (Record no. 4720)

MARC details
000 -LEADER
fixed length control field 01468cam a2200361 a 4500
001 - CONTROL NUMBER
control field 13003918
005 - DATE AND TIME OF LATEST TRANSACTION
control field 20160920114731.0
008 - FIXED-LENGTH DATA ELEMENTS--GENERAL INFORMATION
fixed length control field 021115s2003 nyuab b 001 0 eng
010 ## - LIBRARY OF CONGRESS CONTROL NUMBER
LC control number 2002728305
020 ## - INTERNATIONAL STANDARD BOOK NUMBER
International Standard Book Number 981-4126-98-5
040 ## - CATALOGING SOURCE
Original cataloging agency DLC
Transcribing agency DLC
Modifying agency DLC
050 00 - LIBRARY OF CONGRESS CALL NUMBER
Classification number GE105
Item number .B68 2003
082 00 - DEWEY DECIMAL CLASSIFICATION NUMBER
Classification number DC 363.7
Edition number 2003
Item number B65e
100 1# - MAIN ENTRY--PERSONAL NAME
Personal name Botkin, Daniel B.
245 10 - TITLE STATEMENT
Title Environmental science :
Remainder of title earth as a living planet /
Statement of responsibility, etc. Daniel B. Botkin and Edward A. Keller
250 ## - EDITION STATEMENT
Edition statement 4th Edition
260 ## - PUBLICATION, DISTRIBUTION, ETC. (IMPRINT)
Place of publication, distribution, etc. New York :
Name of publisher, distributor, etc. Wiley,
Date of publication, distribution, etc. c2003.
300 ## - PHYSICAL DESCRIPTION
Extent xxviii, 1 v. (various pagings) :
Other physical details illustrations ;
Dimensions 29 cm.
504 ## - BIBLIOGRAPHY, ETC. NOTE
Bibliography, etc Includes bibliographical references and indexes.
650 #0 - SUBJECT ADDED ENTRY--TOPICAL TERM
Topical term or geographic name as entry element Environmental sciences.
650 #0 - SUBJECT ADDED ENTRY--TOPICAL TERM
Topical term or geographic name as entry element Environmental sciences
Form subdivision Case studies.
650 #0 - SUBJECT ADDED ENTRY--TOPICAL TERM
Topical term or geographic name as entry element Human ecology.
650 #0 - SUBJECT ADDED ENTRY--TOPICAL TERM
Topical term or geographic name as entry element Biodiversity.
650 #0 - SUBJECT ADDED ENTRY--TOPICAL TERM
Topical term or geographic name as entry element Sustainable development.
700 1# - ADDED ENTRY--PERSONAL NAME
Personal name Keller, Edward A.,
Dates associated with a name 1942-
856 42 - ELECTRONIC LOCATION AND ACCESS
Materials specified Publisher description
Uniform Resource Identifier <a href="http://www.loc.gov/catdir/description/wiley035/2002728305.html">http://www.loc.gov/catdir/description/wiley035/2002728305.html</a>
856 41 - ELECTRONIC LOCATION AND ACCESS
Materials specified Table of contents only
Uniform Resource Identifier <a href="http://www.loc.gov/catdir/toc/wiley031/2002728305.html">http://www.loc.gov/catdir/toc/wiley031/2002728305.html</a>
856 42 - ELECTRONIC LOCATION AND ACCESS
Materials specified Contributor biographical information
Uniform Resource Identifier <a href="http://www.loc.gov/catdir/enhancements/fy0614/2002728305-b.html">http://www.loc.gov/catdir/enhancements/fy0614/2002728305-b.html</a>
365 ## - TRADE PRICE
Price amount 398.00
Currency code Php
906 ## - LOCAL DATA ELEMENT F, LDF (RLIN)
a 7
b cbc
c origcop
d 3
e ncip
f 20
g y-gencatlg
942 ## - ADDED ENTRY ELEMENTS (KOHA)
Source of classification or shelving scheme Dewey Decimal Classification
Koha item type Circulation
Holdings
Withdrawn status Lost status Source of classification or shelving scheme Damaged status Not for loan Collection code Home library Current library Date acquired Source of acquisition Total Checkouts Full call number Barcode Date last seen Date last checked out Copy number Cost, replacement price Price effective from Koha item type
    Dewey Decimal Classification     Circulation UM Digos College - LIC UM Digos College - LIC 09/20/2006 Purchased 1 DC 363.7 B65e 2003 18640 05/15/2025 09/28/2017 1 398.00 09/20/2016 Circulation
    Dewey Decimal Classification     Circulation UM Digos College - LIC UM Digos College - LIC 09/20/2010 Purchased 1 DC 363.7 B65e 2003 18641 05/15/2025 09/27/2017 2 398.00 09/20/2016 Circulation